গদ্যসংগ্রহ : (Record no. 39357)
[ view plain ]
| 000 -LEADER | |
|---|---|
| fixed length control field | 00968nam a2200229 a 4500 |
| 001 - CONTROL NUMBER | |
| control field | 39357 |
| 003 - CONTROL NUMBER IDENTIFIER | |
| rucl marc code | BD-RjUL |
| 005 - DATE AND TIME OF LATEST TRANSACTION | |
| control field | 20211209052955.0 |
| 008 - FIXED-LENGTH DATA ELEMENTS--GENERAL INFORMATION | |
| fixed length control field | 160409s2012 ii ||||e |||| 00| 0 ben d |
| 020 ## - INTERNATIONAL STANDARD BOOK NUMBER | |
| International Standard Book Number | 9789350401255 |
| Terms of availability | : Tk 990.00 |
| 035 ## - SYSTEM CONTROL NUMBER | |
| System control number | (BD-RjUL) |
| 040 ## - CATALOGING SOURCE | |
| Original cataloging agency | BD-RjUL |
| Language of cataloging | ben |
| Transcribing agency | BD-RjUL |
| 041 ## - LANGUAGE CODE | |
| Language code of text/sound track or separate title | ben |
| 082 ## - DEWEY DECIMAL CLASSIFICATION NUMBER | |
| Edition number | 23 |
| Author mark and year | DEG 2012 |
| Classification number | 891.444008 |
| 100 ## - MAIN ENTRY--PERSONAL NAME | |
| Personal name | দ্যতিয়েন, ফাদার. |
| 9 (RLIN) | 121331 |
| 245 10 - TITLE STATEMENT | |
| Title | গদ্যসংগ্রহ : |
| Remainder of title | ডায়েরির ছেঁড়া পাতা, রোজ়নামচা ও অন্যান্য / |
| Statement of responsibility, etc. | ফাদার দ্যতিয়েন. |
| 260 ## - PUBLICATION, DISTRIBUTION, ETC. (IMPRINT) | |
| Place of publication, distribution, etc. | কলকাতা : |
| Name of publisher, distributor, etc. | আনন্দ পাবলিশার্স প্রাইভেট লিমিটেড, |
| Date of publication, distribution, etc. | ২০১২. |
| 300 ## - PHYSICAL DESCRIPTION | |
| Pagination | [৬], ৬৮২ পৃ. ; |
| Size | ২৪ সেমি. |
| 650 ## - SUBJECT ADDED ENTRY--TOPICAL TERM | |
| Topical term or geographic name as entry element | বাংলা প্রবন্ধ |
| 9 (RLIN) | 121332 |
| Topical term or geographic name as entry element | Bengali essay |
| 9 (RLIN) | 121333 |
| 942 ## - ADDED ENTRY ELEMENTS (KOHA) | |
| Source of classification or shelving scheme | Dewey Decimal Classification |
| Koha item type | Books |
| Lost status | Source of classification or shelving scheme | Damaged status | Not for loan | Collection code | Permanent Location | Current Location | Shelving location | Date acquired | Source of acquisition | Cost, normal purchase price | Total Checkouts | Full call number | Date last seen | Copy number | Koha item type | Date checked out |
|---|---|---|---|---|---|---|---|---|---|---|---|---|---|---|---|---|
| Dewey Decimal Classification | Not For Loan | Non-fiction | Central Library, University of Rajshahi | Central Library, University of Rajshahi | Reading Room | 28/06/2015 | Batighar, Chittagong | 990.00 | B 891.444008 DEG 2012 | 09/04/2016 | C-1 | Books | ||||
| Dewey Decimal Classification | Non-fiction | Central Library, University of Rajshahi | Central Library, University of Rajshahi | 28/06/2015 | Batighar, Chittagong | 990.00 | 2 | B 891.444008 DEG 2012 | 14/08/2016 | C-2 | Books | 26/07/2016 |